000 01518nam a2200373 c 4500
003 BLK
005 20180420220932.0
008 180408b bul|||||r ||||||| ||bul||
010 _aKNG00039843000
020 _a5-02-011815-Х
_bиздат.: Наука - на том (т. 1)
040 _aBLK
041 _aRUS
_cRUS
080 _aОбщо езикознание и филология
_b81
_x(47+57)(031)
_z81(47+57)(031)
139 _aЯзыки Российской Федерации и соседних государств
_bЯ 31
245 1 0 _aЯзыки Российской Федерации и соседних государств
_bЭнцикл. : В 3 т.
_nТ. 1
_pА - И = A - I
246 1 1 _aThe Languages of Russia and Adjacent States : Encyclopaedia : 3 Vol.
257 _aRUS
260 Москва
_c2000 -
300 _c24 см
380 _a80
500 _aИзд. на РАН. Инст. языкознания.
650 4 _aЕзици - народи на СССР
_9275097
650 4 _aЕзици - произход и развитие
_9275098
651 4 _aСССР
_9179592
651 4 _aРусия
_9179465
653 _aезици
653 _aенциклопедии
760 1 _3- на том (т. 1)
_dНаука, 2000
_hXV, 432 с.
_nРез. на англ. яз. - Библиогр. с. VIII.
_tТ. 1 А - И = A - I
852 _aЦб 206339
856 4 _qpdf
_u
856 4 _qpdf
_u
942 _cKNG
_n0
944 _aCR
_c15.01.2003
_lф /
_kЛюдмила_Стоянова
944 _aED
_c10.05.2012
_lф /
_k
999 _c36736
_d36736